000 00779nam a22002297a 4500
999 _c9374
_d9374
003 AR-CdUCM
008 190327b ||||| |||| 00| 0 spa d
040 _aMUNICIPALIDAD PROVINCIAL DEL CUSCO
_cBIBLIOTECA MUNICIPAL DEL CUSCO
082 _a869.58 /
_bM19
100 _aMaldonado Ramírez, Carlos
_915380
245 _aEspigas del recreo : poesías escolares, primera serie /
260 _aArequipa :
_bLibr. e Impr. El Escritorio,
_c1960.
300 _a78 páginas ;
_c21 cm.
440 _nPrimera serie
_99550
500 _aCon dedicatoria a Luis Nieto -- Donación de la familia Nieto
505 _aContenido : Poesía
650 _aPoesía peruana
_917610
650 _aPoesía Infantil
_95555
650 _aEscolar
_94628
942 _2ddc
_cLIBROS
945 _admma